Socio Economic Status of Cashew Workers: (Record no. 230021)

MARC details
000 -LEADER
fixed length control field 00665nam a22002177a 4500
005 - DATE AND TIME OF LATEST TRANSACTION
control field 20240305102656.0
008 - FIXED-LENGTH DATA ELEMENTS--GENERAL INFORMATION
fixed length control field 240305b ||||| |||| 00| 0 eng d
040 ## - CATALOGING SOURCE
Transcribing agency AL
041 ## - LANGUAGE CODE
Language code of text/sound track or separate title eng
082 ## - DEWEY DECIMAL CLASSIFICATION NUMBER
Edition number 23
Classification number 331.2
Item number SOCI
100 ## - MAIN ENTRY--PERSONAL NAME
Personal name Joseph Prakash Dsouza
100 ## - MAIN ENTRY--PERSONAL NAME
9 (RLIN) 152813
245 ## - TITLE STATEMENT
Title Socio Economic Status of Cashew Workers:
Remainder of title With Reference to Mythri Cashew Industries
260 ## - PUBLICATION, DISTRIBUTION, ETC.
Place of publication, distribution, etc. Mangalore
Name of publisher, distributor, etc. St Aloysious College
Date of publication, distribution, etc. 1994
300 ## - PHYSICAL DESCRIPTION
Extent 70p.
Other physical details HB
Dimensions 29x22cm.
365 ## - TRADE PRICE
Source of price type code Management
650 ## - SUBJECT ADDED ENTRY--TOPICAL TERM
Topical term or geographic name entry element Project Report
9 (RLIN) 152814
650 ## - SUBJECT ADDED ENTRY--TOPICAL TERM
Topical term or geographic name entry element Caste Discreation
9 (RLIN) 152815
650 ## - SUBJECT ADDED ENTRY--TOPICAL TERM
Topical term or geographic name entry element Wage Structure
9 (RLIN) 152816
700 ## - ADDED ENTRY--PERSONAL NAME
Personal name DSOUZA (Joseph Prakash)
9 (RLIN) 152817
942 ## - ADDED ENTRY ELEMENTS (KOHA)
Source of classification or shelving scheme Dewey Decimal Classification
Koha item type Donated Books
Holdings
Withdrawn status Lost status Source of classification or shelving scheme Damaged status Not for loan Collection code Home library Current library Date acquired Total Checkouts Full call number Barcode Date last seen Price effective from Koha item type
    Dewey Decimal Classification   Not for loan Management St Aloysius Library St Aloysius Library 04/25/1994   331.2 SOCI D00173 03/05/2024 03/05/2024 Project Report